| 000 | 00851cab a2200229 4500 | ||
|---|---|---|---|
| 001 | ABS59292 | ||
| 008 | 090401t1998 xxu||||| |||| 00| 0 eng d | ||
| 035 | _a(Sirsi) u88488 | ||
| 041 | _aeng | ||
| 100 | _aHealey, P. | ||
| 245 | _aRegulating property development and the capacity of the development industry | ||
| 260 | _c1998 | ||
| 350 | _a0 | ||
| 490 |
_aJournal of Property Research _v15(3) September 1998, 211-227(17) |
||
| 520 | _aReviews the interaction between the property development industry and its regulatory environment. Considers that the emphasis is on controlling rather than enabling development in urban policy discussion. References. | ||
| 650 | _aPLANNING POLICY | ||
| 650 | _aPLANNING REGULATIONS | ||
| 650 | _aPROPERTY DEVELOPMENT | ||
| 690 | _aPROPERTY-PROPERTY DEVELOPMENT | ||
| 942 | _n0 | ||
| 948 | _c15/09/1998 | ||
| 999 |
_c55906 _d55906 |
||